000 00370nam a2200157Ia 4500
008 180921t2018 xxu||||| |||| 00| 0 eng d
041 _aeng
080 _a351
_bDEP
100 _aDep, A.C.
245 _aA History of the Ceylon Police
260 _bNo Place
_a
_c2018
300 _b527p., 21cm
942 _cBK
999 _c1231
_d1231
003 LK-CoDNM
040 _aLK-CoDNM
_dLK-CoDNM
_eLK-CoDNM